| 000 | 00851nas a2200277 4500 | ||
|---|---|---|---|
| 001 | BR7603611 | ||
| 003 | BR-BrBNA | ||
| 005 | 20231205083018.0 | ||
| 007 | ta | ||
| 008 | 230509b bl.|||p| |||| 00| 00por d | ||
| 040 |
_aBR-BrBNA _bpor _cBiblioteca Nacional de Agricultura |
||
| 041 | _a(Pt) | ||
| 072 | _aF00; H60; N20 | ||
| 100 | 1 | _aMoreira, C.A. | |
| 100 | 1 | _aSilveira, G.M. da | |
| 245 | 1 | _aTire o melhor proveito das operacoes de cultivo [erva daninha, cultivador mecanico, pratica cultural] | |
| 650 | _aIMPLEMENTO AGRICOLA | ||
| 650 | _aDESBASTE | ||
| 650 | _aERVA DANINHA | ||
| 650 | _aCULTIVADOR MECANICO | ||
| 650 | _aPRATICA CULTURAL | ||
| 650 | _aCONTROLE QUIMICO | ||
| 773 | 0 |
_tGranja (Brazil) _xISSN 0367-505X _g(Nov 1976), v. 32(346) p. 33-38 _wBR7603611 |
|
| 909 |
_a202311 _bLúcia _c55 _dLúcia Elande |
||
| 942 |
_2AGRIS _n0 _cANA |
||
| 999 |
_c95753 _d95753 |
||